| 000 | 00893nam a22002771i 4500 | ||
|---|---|---|---|
| 003 | IT-RoINE | ||
| 005 | 20170203090510.0 | ||
| 008 | 930725s1973 sp r 1 pdspa d | ||
| 020 | _a8423931196 | ||
| 040 |
_aSpMaBN _bspa _cA2 IT-RoINE _dIT-RoINE |
||
| 100 | 1 |
_922628 _aMena, Juan de, _d1411-1456 |
|
| 245 | 1 | 3 |
_aEl laberinto de fortuna, o Las trescientas / _cEdición, prólogo y notas de José Manuel Blecua |
| 246 | 3 | 2 | _aTrescientas |
| 250 | _a5ª ed. | ||
| 260 |
_aMadrid : _bEspasa-Calpe, _c1973. |
||
| 300 |
_aCIII, 158 p. ; _c20 cm. |
||
| 336 |
_2rdacontent _atext |
||
| 337 |
_2rdamedia _aunmediated |
||
| 338 |
_2rdacarrier _avolume |
||
| 490 | 1 |
_aClásicos castellanos ; _v119 |
|
| 500 | _aIncluye índice. | ||
| 700 | 1 |
_aBlecua, José Manuel, _d1913-2003 _92773 |
|
| 740 | 4 | 1 | _aLas Trescientas. |
| 830 | 0 |
_922520 _aClásicos castellanos (Espasa-Calpe) ; _v119 |
|
| 942 | _cMTS | ||
| 999 |
_c10991 _d10991 |
||